| 000 | 00657nam a22002297a 4500 | ||
|---|---|---|---|
| 005 | 20170124110033.0 | ||
| 010 | _aA-157600 | ||
| 020 | _c00.00 | ||
| 035 | _aA-157600 | ||
| 037 | _bCen Lib/Ret | ||
| 040 |
_aDPL _bEN |
||
| 082 |
_a332 _bGRO |
||
| 100 |
_aGroom, Arthur _922162 |
||
| 245 |
_aHow money has developed / _cby Arthur Groom |
||
| 260 |
_aLondon _bRoutledge and Paul _c1958 |
||
| 270 |
_bLondon _aBroadway House, Carter Lane |
||
| 300 |
_axi,128p. _c20cm(Hb) |
||
| 500 | _aIncludes bibliographical references | ||
| 650 |
_aMoney -- Juvenile literature _922163 |
||
| 650 |
_aMoney _922164 |
||
| 942 |
_2ddc _cEN _h332 _mGRO |
||
| 999 |
_c128012 _d128012 |
||